Burnout in ministry / (Record no. 8022)

MARC details
000 -LEADER
fixed length control field 02329nam a2200205 a 4500
003 - CONTROL NUMBER IDENTIFIER
control field PILC
005 - DATE AND TIME OF LATEST TRANSACTION
control field 20250127103846.0
008 - FIXED-LENGTH DATA ELEMENTS--GENERAL INFORMATION
fixed length control field 060901s1981 xx 00 eng d
010 ## - LIBRARY OF CONGRESS CONTROL NUMBER
LC control number Acc#20641,25656
040 ## - CATALOGING SOURCE
Transcribing agency Philippine Baptist Theological Seminary
050 ## - LIBRARY OF CONGRESS CALL NUMBER
Classification number BV 4398
Item number F273 1981
100 10 - MAIN ENTRY--PERSONAL NAME
Personal name Faulkner, Brooks R.
Relator term Author
245 10 - TITLE STATEMENT
Title Burnout in ministry /
Statement of responsibility, etc. Brooks R. Faulkner.
260 0# - PUBLICATION, DISTRIBUTION, ETC (IMPRINT)
Place of publication, distribution, etc. Nashville, TN :
Name of publisher, distributor, etc. Broadman Press,
Date of publication, distribution, etc. c1981.
300 ## - PHYSICAL DESCRIPTION
Extent 143 p. ; 20 cm.
505 ## - FORMATTED CONTENTS NOTE
Formatted contents note Burnout - the closet sin of ministers -- Ministerial burnouts anonymous -- The trade-off -- Out of the closet and into the kitchen -- The bends syndrome -- Pack your bag before coming out of the closet -- Dealing with the Samson connection -- Shattered dream -- Burnout in the minister's home -- Why minister's wives cannot give refuge in burnout -- Don't rub even if it hurts -- Children are affected, too -- Love in the home is spelled T-I-M-E -- Capitalize in togetherness -- If I had it to live over again -- Burnout in the minister's professional life? -- What is burnout in the minister's professional life? -- Getting a grip on the down side -- You can program failure -- The 3-D theory of avoiding professional burnout -- Burnout in the minister's physical life -- Physical danger signs -- A practical guide to avoid physical burnout -- Some relaxation exercises -- Feeling good about feeling bad - irrational guilt -- Guilt and grace -- Recycling guilt through responsible conflict -- "Nobody appreciates me" -- Steps to take when you're feeling down -- Burnout is anger turned inward -- Denial -- Symptoms of denial of anger -- Anger is distorted love -- How to turn anger into compassion -- Burnout is an authority problem -- Inner strength -- Paying the rent -- Measuring the turf -- Freeing the child -- Judgment in authority -- How to solve the problem of authority -- Burnout and the priorities dilemma -- Persons first -- Barriers to persons coming first -- A plan to reestablish priorities -- Refueling to avoid burnout -- Assume the anxieties of ministry -- Intentional coping strategies -- Develop a coping checklist -- Develop a network of support -- Eat right, live right -- A plan of action --
650 ## - SUBJECT ADDED ENTRY--TOPICAL TERM
Topical term or geographic name as entry element CLERGY
General subdivision JOB STRESS
650 ## - SUBJECT ADDED ENTRY--TOPICAL TERM
Topical term or geographic name as entry element BURNOUT (PSYCHOLOGY)
General subdivision RELIGIOUS ASPECTS
-- CHRISTIANITY
942 ## - ADDED ENTRY ELEMENTS (KOHA)
Koha item type Circulation Books
Source of classification or shelving scheme Library of Congress Classification
Holdings
Withdrawn status Lost status Source of classification or shelving scheme Damaged status Not for loan Home library Current library Shelving location Date acquired Total Checkouts Full call number Barcode Date last seen Price effective from Koha item type Date last checked out
    Dewey Decimal Classification     PBTS Library PBTS Library Circulation Section 09/01/2006   BV 4398 F273 1981 20641 03/16/2026 04/02/2015 Circulation Books  
    Dewey Decimal Classification     PBTS Library PBTS Library Circulation Section 09/01/2006 4 BV 4398 F273 1981 25656 03/16/2026 04/02/2015 Circulation Books 04/13/2021

Philippine Baptist Theological Seminary | 19 Tacay Road, Central Guisad, Baguio City 2600, Philippines